[Event "21st Dubai Open 2019"]
[Site "Dubai"]
[Date "2019.04.04"]
[Round "4.26"]
[White "Mullick, Raahil"]
[Black "Darini, Pouria"]
[Result "1/2-1/2"]
[WhiteElo "2275"]
[BlackElo "2455"]
[Annotator "TA"]
[PlyCount "62"]
[EventDate "2019.04.01"]
[EventType "swiss"]
[EventCountry "UAE"]
[SourceTitle "playchess.com"]
[Source "ChessBase"]
[SourceQuality "1"]

{[%evp 15,62,14,19,23,26,16,19,20,15,19,16,16,45,34,39,49,34,47,37,43,45,58,36,10,0,13,7,0,7,0,0,0,0,0,0,0,0,0,0,0,0,0,0,0,0,0,0,0,0]} 1. e4 c5 2. Nf3 d6 3. d4 cxd4 4. Nxd4 Nf6 5. Nc3 a6 6. Be3 e5 7. Nb3 Be6 8. f3 h5 9. Nd5 {B90: Sicilian Najdorf: Unusual White 6th moves, 6 Be3 Ng4 and 6 Be3 e5} Bxd5 10. exd5 Nbd7 11. Qd2 g6 12. Be2 (12. O-O-O Bg7 13. Kb1 Qc7 14. Be2 a5 15. a4 O-O 16. g4 Rfc8 17. Bb5 hxg4 18. fxg4 Nxg4 {0-1 (75) Robson,R (2667)-Saric,I (2690) chess.com INT 2019}) 12... Bg7 13. O-O O-O 14. Na5 Qc7 15. c4 e4 16. f4 Ng4 17. Bxg4 $1 hxg4 18. Rab1 Nc5 19. b4 Nd3 {The position is equal.} 20. f5 gxf5 $1 21. Rxf5 Rae8 $1 22. c5 $146 {[#] And now Nc4 would win.} ({Predecessor:} 22. Rbf1 Re5 23. Qe2 {½-½ (23) Noble,M (2490)-Pessoa,F (2542) ICCF email 2014}) 22... Re5 23. Rxe5 Bxe5 24. Bh6 {aiming for Qg5+.} Qe7 25. Bxf8 Bd4+ 26. Kh1 Qf6 27. Nb3 Nf2+ 28. Kg1 Nh3+ {[%mdl 64] [#] Discovered Attack (Double check)} 29. Kh1 Nf2+ 30. Kg1 Nh3+ {[%mdl 64] Discovered Attack (Double check)} 31. Kh1 Nf2+ {Accuracy: White = 78%, Black = 81%.} 1/2-1/2

[Event "21st Dubai Open 2019"]
[Site "Dubai"]
[Date "2019.04.04"]
[Round "4.27"]
[White "Divya Deshmukh"]
[Black "Abelgas, Roel"]
[Result "1/2-1/2"]
[WhiteElo "2432"]
[BlackElo "2256"]
[Annotator "TA"]
[PlyCount "63"]
[EventDate "2019.04.01"]
[EventType "swiss"]
[EventCountry "UAE"]
[SourceTitle "playchess.com"]
[Source "ChessBase"]
[SourceQuality "1"]

{[%evp 20,63,22,0,-2,-7,-18,-24,-26,-52,-21,-17,-6,-15,-4,-10,0,-35,-16,-28,-27,-102,-84,-76,-44,-52,-50,-49,-36,-60,-30,-17,0,0,0,0,0,0,8,6,2,0,0,-4,-4,-15]} 1. e4 c6 2. d4 d5 3. exd5 cxd5 4. Bd3 Nc6 5. c3 Nf6 6. h3 e5 7. dxe5 Nxe5 8. Nf3 Nxd3+ 9. Qxd3 Be7 10. O-O O-O 11. Bf4 Qb6 {B13: Caro-Kann: Exchange Variation and Panov-Botvinnik Attack} 12. Qc2 Ne4 $146 ({Predecessor:} 12... Bd7 13. Nbd2 Rac8 14. Qb3 Qxb3 15. Nxb3 h6 16. Ne5 Bb5 17. Rfe1 Rfe8 18. Nd4 Bc6 19. Re2 {½-½ (54) Konyshev,A (2370)-Teterin,S (2111) Kstovo 2012}) 13. Nbd2 Qg6 {With the idea ...Bxh3.Black has an edge.} 14. Nxe4 dxe4 (14... Bxh3 $5 15. Nf6+ Bxf6 16. Qxg6 fxg6 $15) 15. Ne5 Qe6 16. Rfe1 f5 17. Nf3 Bf6 18. Nd2 (18. Nd4 $5 {[%cal Rd4e6]} Qf7 19. Qd2 $11) 18... Qc6 19. Rad1 Be6 20. c4 (20. Nb3 $11) 20... Rfd8 21. b3 Rd3 22. Nf1 Rad8 23. Rxd3 Rxd3 24. Rd1 Rxd1 25. Qxd1 b5 {The position is equal.} 26. cxb5 Qxb5 27. Ng3 Qd7 28. Qc1 Qc8 29. Qa3 a6 30. Qd6 Kf7 31. Nh5 Qd7 32. Qxd7+ {Accuracy: White = 55%, Black = 53%.} 1/2-1/2

[Event "21st Dubai Open 2019"]
[Site "Dubai"]
[Date "2019.04.04"]
[Round "4.28"]
[White "Laxman, R.R."]
[Black "Raahul V S"]
[Result "1-0"]
[WhiteElo "2428"]
[BlackElo "2252"]
[Annotator "TA"]
[PlyCount "71"]
[EventDate "2019.04.01"]
[EventType "swiss"]
[EventCountry "UAE"]
[SourceTitle "playchess.com"]
[Source "ChessBase"]
[SourceQuality "1"]

{[%evp 18,71,25,4,5,1,41,29,63,57,62,10,10,12,14,-4,-8,-14,77,85,81,85,80,71,163,148,172,152,177,156,143,174,152,155,229,201,212,227,303,286,306,306,362,333,488,466,592,590,589,566,537,517,703,698,1144,1153]} 1. d4 d5 2. Nf3 Nf6 3. c4 c6 4. e3 e6 5. b3 Bd6 6. Bd3 O-O 7. Bb2 Nbd7 8. O-O b6 9. Nc3 Bb7 10. Rc1 Rc8 {D46: Semi-Slav: 5 e3 Nbd7 6 Bd3, Black avoids the Meran} (10... Qe7 11. Qe2 dxc4 12. bxc4 e5 13. Qc2 Rfe8 14. Ne4 Nxe4 15. Bxe4 g6 16. c5 bxc5 17. dxe5 Nxe5 18. Nxe5 Bxe5 19. Bxe5 Qxe5 {½-½ (61) Zubov,A (2598)-Zoler,D (2503) Israel 2019}) 11. Qe2 Qe7 12. e4 {e5 is the strong threat.} e5 $146 {White has an edge.} ({Predecessor:} 12... dxe4 13. Nxe4 Nxe4 14. Qxe4 Nf6 15. Qh4 h6 16. c5 Bc7 17. Ne5 Nd5 18. Qe4 {1-0 (30) Schmidt,J-Stridde,P Germany 1994}) 13. exd5 cxd5 14. dxe5 (14. cxd5 $14 e4 15. Nxe4) 14... Nxe5 $11 15. Nxd5 Nxd5 16. cxd5 Rxc1 17. Rxc1 Nxf3+ (17... Nxd3 $11 {remains equal.} 18. Qxd3 Re8) 18. Qxf3 $16 Qg5 19. Rd1 $1 $40 {[%mdl 128] Black is in trouble.} Rd8 20. g3 Be5 {[#]} (20... Bc8 $16 21. Re1 Bh3) 21. h4 $1 $18 {[%cal Rh4g5]} Qf6 {[#]} 22. Qxf6 $1 gxf6 23. Bxe5 fxe5 {[%mdl 4096] Endgame KRB-KRB} 24. Be4 Bc8 25. Rc1 Bb7 (25... f5 $16) 26. g4 Rd7 27. Rd1 h5 28. g5 ({But not} 28. gxh5 $6 Kg7 $18) 28... f6 29. f3 ({Not} 29. gxf6 Kf7 $16) 29... Kg7 30. Kf2 fxg5 (30... Kf7 $142 31. Ke3 fxg5) 31. hxg5 {White is clearly winning.} h4 32. Kg2 Rd8 33. Kh3 Bc8+ 34. Kxh4 Rh8+ 35. Kg3 Rh5 36. Rc1 {Accuracy: White = 87%, Black = 42%.} 1-0

[Event "21st Dubai Open 2019"]
[Site "Dubai"]
[Date "2019.04.04"]
[Round "4.29"]
[White "Mendonca, Leon Luke"]
[Black "Chekh Adm Khedr, Aram"]
[Result "1-0"]
[WhiteElo "2427"]
[BlackElo "2146"]
[Annotator "TA"]
[PlyCount "71"]
[EventDate "2019.04.01"]
[EventType "swiss"]
[EventCountry "UAE"]
[SourceTitle "playchess.com"]
[Source "ChessBase"]
[SourceQuality "1"]

{[%evp 22,71,199,197,208,213,217,215,254,266,252,262,255,245,243,239,237,233,264,235,213,191,283,275,550,549,529,356,459,354,546,422,394,405,733,722,1006,1012,881,669,837,883,840,833,796,768,1185,1101,954,927,880,829]} 1. d4 Nf6 2. c4 e6 3. g3 d5 4. Nf3 c6 5. Bg2 dxc4 6. Nc3 b5 7. Ne5 Nd5 8. e4 {E04: Open Catalan: 5 Nf3} Nxc3 9. bxc3 Bb7 10. Qh5 g6 11. Nxg6 fxg6 12. Qe5 $1 {[%csl LRe6,LRh8] LiveBook: 4 Games} Nd7 ({Reject} 12... Qa5 13. O-O $18) 13. Qxh8 Qe7 {[#] intending ...0-0-0.} 14. h4 $1 O-O-O {...Qf7 is the strong threat.} (14... Qf7 15. h5 gxh5 {1-0 (37) Sadorra,J (2553)-Repka,C (2523) Batumi 2018}) 15. Bg5 Qf7 {Threatens to win with ...Be7.} 16. Bxd8 Bg7 $146 17. Qxh7 Nf8 18. Qxg7 $1 Qxg7 19. Bg5 c5 20. Be3 cxd4 21. Bxd4 e5 (21... Qe7 {was called for.} 22. h5 e5) 22. Bxa7 $18 Bxe4 $2 {[#]} (22... Bc6) 23. Bxe4 Qxa7 24. O-O Qa3 25. Rfc1 Kd7 (25... Kc7 {keeps fighting.} 26. Rab1 Nd7 27. Bxg6 e4 28. Bxe4 Nc5) 26. Rc2 Ke6 27. Rb1 Qa6 (27... Qa5 $142 28. Bc6 Qd8 29. Bxb5 Qd3) 28. Rcb2 {White is clearly winning.} Qa3 29. Rxb5 Nd7 30. Bxg6 Qxc3 31. h5 {[%cal Bh4h5,Bh5g6][%mdl 32]} Qd2 32. R5b2 Qg5 33. Rc2 Nf8 34. Rxc4 Nxg6 35. hxg6 Kd5 36. Ra4 {Precision: White = 89%, Black = 20%.} 1-0

[Event "21st Dubai Open 2019"]
[Site "Dubai"]
[Date "2019.04.04"]
[Round "4.30"]
[White "Akash G"]
[Black "Franco Valencia, Angela"]
[Result "1-0"]
[WhiteElo "2414"]
[BlackElo "2141"]
[Annotator "TA"]
[PlyCount "81"]
[EventDate "2019.04.01"]
[EventType "swiss"]
[EventCountry "UAE"]
[SourceTitle "playchess.com"]
[Source "ChessBase"]
[SourceQuality "1"]

{[%evp 11,81,-15,-6,-6,-14,-15,-1,-20,-14,-45,-42,-83,-92,-112,-75,-88,-92,-108,-84,-88,-10,-62,-70,-77,0,0,0,0,0,0,16,18,31,27,28,7,12,0,8,10,10,13,20,20,20,21,35,40,32,27,36,29,62,59,145,144,132,149,131,53,54,21,132,134,220,186,264,253,303,262,643,642]} 1. e4 e5 2. Nf3 Nc6 3. Bb5 a6 4. Bxc6 dxc6 5. Nc3 f6 6. d3 Bg4 7. h3 {C68: Ruy Lopez: Exchange Variation, sidelines} Bh5 8. Be3 Bd6 (8... c5 9. Ne2 b6 10. g4 Bf7 11. Ng3 Qd7 12. Qe2 Ne7 13. g5 O-O-O {0-1 (50) Khalaji,H (2146)-Sattarov,B (2328) Batumi 2018}) 9. Qe2 {The position is equal.} Ne7 10. Rg1 $146 ({Predecessor:} 10. O-O-O c5 11. g4 Bf7 12. Nh4 Nc6 13. Nf5 Bf8 14. f4 g6 {0-1 (31) Brekka,M (2016)-Nielsen,T (2089) Faroe Islands 2011}) 10... c5 11. Nb1 Nc6 12. c3 Qe7 13. Na3 b5 14. Nc2 Qe6 15. Bd2 c4 (15... Bf7 $17) 16. d4 (16. dxc4 $11 Qxc4 17. Qxc4 bxc4 18. Ne3) 16... exd4 $1 $15 17. Ncxd4 Nxd4 (17... Qd7 $17 {Threatens to win with ...Nxd4.} 18. Nxc6 Qxc6) 18. Nxd4 $11 {Strongly threatening g4.} Bxe2 19. Nxe6 Bd3 20. Nxg7+ Kf7 (20... Kd7 {with more complications.} 21. Nh5 Rhf8 22. Bf4 Bc5 23. Bh6 Rf7) 21. Nf5 Bxe4 22. Nxd6+ cxd6 23. Be3 a5 24. Kd2 b4 25. Bd4 d5 26. Rae1 bxc3+ 27. Kxc3 Rhe8 28. Re3 f5 29. f3 Bd3 30. Re5 a4 31. Rge1 Rxe5 32. Rxe5 {[%mdl 4096] Endgame KRB-KRB} a3 ({Better is} 32... Rd8 $14) 33. b4 $1 $16 {[%cal Bb2b4,Bb4b5,Bb5b6,Bb6b7][%mdl 32]} ({Don't do} 33. Rxd5 $6 axb2 34. Kxb2 f4 $14) 33... Bb1 34. b5 Bxa2 35. Re1 ({Much worse is} 35. Rxd5 $6 Bb3 $14) (35. Rxf5+ $16 Ke7 36. Rf6 (36. Rxd5 Bb1 $14)) 35... Bb3 36. b6 {[%mdl 1024] Black must now prevent Be5. White has compensation.} Ba4 (36... a2 $11 {remains equal.}) 37. Kb4 $1 Bc6 {[#]} (37... Bd7 $16) 38. Kc5 $1 $18 {[%cal Rc5c6]} Rc8 {[#]} (38... Bb7 {was worth a try.}) 39. Kd6 $1 a2 40. Ra1 Bb5 $2 (40... Bb7) 41. b7 {Accuracy: White = 52%, Black = 30%.} 1-0

[Event "21st Dubai Open 2019"]
[Site "Dubai"]
[Date "2019.04.04"]
[Round "4.31"]
[White "Pranav Vijay"]
[Black "Sundararajan, Kidambi"]
[Result "1-0"]
[WhiteElo "2265"]
[BlackElo "2413"]
[Annotator "TA"]
[PlyCount "93"]
[EventDate "2019.04.01"]
[EventType "swiss"]
[EventCountry "UAE"]
[SourceTitle "playchess.com"]
[Source "ChessBase"]
[SourceQuality "1"]

{[%evp 10,93,58,43,35,25,20,0,0,0,0,10,8,-9,0,-6,0,0,7,-12,0,0,0,0,0,0,47,-16,0,0,0,0,24,0,0,0,0,0,11,-75,-72,-86,-72,-57,-36,-22,-22,-63,8,0,0,0,316,309,305,308,302,299,284,279,262,235,358,367,427,420,536,552,537,534,518,528,515,512,481,470,1036,939,1259,1140,5493,5389,29996,29997,29997,347]} 1. e4 e5 2. Nf3 Nc6 3. Bb5 Nf6 4. Nc3 d6 5. d4 Bd7 6. d5 Nb8 {C62: Ruy Lopez: Steinitz Defence} 7. Bxd7+ (7. Bc4 {feels hotter.} Be7 8. Qe2 c6 9. O-O cxd5 10. Nxd5 Nxd5 11. Bxd5 Bc6 12. Bxc6+ Nxc6 13. c3) 7... Nbxd7 8. h3 $146 ({Predecessor:} 8. O-O Be7 9. Nd2 O-O 10. Ne2 Ne8 11. c4 g6 12. b4 f5 13. f4 Ng7 14. Bb2 {½-½ (45) Bienias,P (1938)-Helaszek,E (2004) Poland 2017}) 8... c6 {The position is equal.} 9. O-O Be7 10. Re1 O-O 11. Be3 Rc8 12. a4 a5 13. Qd3 cxd5 14. exd5 Nc5 15. Qe2 Nfd7 16. Nd2 f5 $1 17. f3 Rf6 (17... Bh4 $5 {[%cal Rh4e1]}) 18. g4 (18. Nc4 $14) 18... Rg6 19. Kh2 fxg4 20. fxg4 Bg5 21. Rf1 Bxe3 22. Qxe3 Nf6 23. Rf5 Ncd7 24. Qf3 (24. Qd3 $1 $11) 24... Qb6 $17 25. Nb3 {Black must now prevent g5.} Nc5 26. Ra3 {[%cal Ba1a3,Ba3b3,Bb3c3][%mdl 32]} Qb4 27. Nxc5 Qxc5 28. Rb3 e4 ({Black should play} 28... b6 $1 $15) 29. Nxe4 Qxc2+ 30. Nf2 Qc7 $2 {[%mdl 8192]} (30... h6 $11 {and Black stays safe.}) 31. Rc3 $18 Qd8 32. g5 Nd7 33. h4 $1 Rxc3 34. bxc3 (34. Qxc3 h6 $14) 34... h6 {[%cal Rh6g5] [#]} 35. Nh3 $1 {Nf4 is the strong threat.} hxg5 (35... Ne5 $142 36. Qe4 Qb6) 36. hxg5 ({Stronger than} 36. Nxg5 Qe8 $11) 36... Ne5 {[#]} 37. Qe4 $1 Qe8 38. Kg2 Qd8 39. Rxe5 {[%mdl 64] Discovered Attack, Remove Defender} dxe5 40. Qxg6 {aiming for Qe6+.} Qxd5+ 41. Kg3 Qc5 42. Qd3 e4 (42... Kf8 $142 43. Qf3+ Ke8) 43. Qd4 Qc7+ 44. Nf4 Qe7 45. Qd5+ {[%mdl 64] Double Attack} Kh7 46. g6+ Kh8 47. Qh5+ {Accuracy: White = 65%, Black = 50%.} 1-0

[Event "21st Dubai Open 2019"]
[Site "Dubai"]
[Date "2019.04.04"]
[Round "4.32"]
[White "Panda Sambit"]
[Black "Dimakiling, Oliver"]
[Result "1/2-1/2"]
[WhiteElo "2218"]
[BlackElo "2404"]
[Annotator "TA"]
[PlyCount "77"]
[EventDate "2019.04.01"]
[EventType "swiss"]
[EventCountry "UAE"]
[SourceTitle "playchess.com"]
[Source "ChessBase"]
[SourceQuality "1"]

{[%evp 10,77,81,21,27,29,16,21,58,65,70,46,42,42,65,31,40,41,48,40,53,40,45,60,60,69,97,84,111,87,160,147,150,164,202,206,189,202,246,235,243,236,242,226,236,195,184,0,0,0,0,0,0,0,0,0,0,0,0,-14,-14,-14,-14,-14,-14,-14,-14,-14,0,-14]} 1. d4 Nf6 2. c4 d6 3. Nc3 Bf5 4. g3 c6 5. Bg2 e5 6. d5 {LiveBook: 3 Games. A53: Old Indian Defence without Nf3} (6. e4 $16 Bg6 7. Nge2) (6. e4 Be6 7. d5 cxd5 8. cxd5 Bd7 9. Nf3 Be7 10. O-O b5 11. a3 a5 12. Qe2 Qb6 {1-0 (85) Korobov,A (2720)-Jobava,B (2696) Tromsoe 2013}) 6... cxd5 7. cxd5 Be7 8. e4 Bg6 $146 ({Predecessor:} 8... Bd7 9. Nge2 O-O 10. h3 b5 11. a3 a5 12. O-O Na6 {½-½ (106) Stahlberg,G-Tartakower,S Birmingham 1951}) 9. Nf3 {[%cal Bg1f3,Bf3e1,Be1d3][%mdl 32]} Nfd7 10. O-O O-O 11. Be3 a5 12. Ne1 Na6 {[%cal Bb8a6,Ba6b4,Bb4d3][%mdl 32]} 13. Nd3 $36 {[%mdl 2048] White fights for an advantage.} f5 14. f4 Nb4 15. fxe5 Nxd3 16. exd6 fxe4 {[#] And now ...Rxf1+ would win.} 17. dxe7 Qxe7 18. Qb3 Qb4 19. d6+ Kh8 (19... Qxb3 $142 20. Rxf8+ (20. axb3 Rxf1+ 21. Rxf1 Nf6 $16) 20... Kxf8 21. axb3 Nf6) 20. Qxb4 $16 axb4 21. Rxf8+ ({But not} 21. Nxe4 Rfe8 $16) 21... Nxf8 22. Nxe4 b3 {...Nb4 would now be nice for Black.} 23. Nc5 bxa2 24. Nxd3 Bxd3 25. Bxb7 Ra5 26. Bb6 Ra4 {intending ...Bc4.} 27. b3 ({Not} 27. Bc6 Ra6 $14) 27... Ra3 28. Bc5 $2 (28. Bd5 $18) 28... Rxb3 $11 {The position is equal.} 29. Rxa2 Rb1+ (29... Rxb7 $5 30. Ra8 $8 Rb1+ 31. Kf2 Rf1+ 32. Ke3 Bb5 $11) 30. Kg2 Rxb7 31. Ra8 {[%cal Ra8f8]} Be4+ 32. Kh3 {[%cal Ra8f8]} Rf7 $1 {[#]} 33. d7 $1 {[%cal Rd7d8][%mdl 512]} Bf5+ (33... Rxd7 34. Rxf8#) 34. g4 (34. Kh4 {feels hotter.} Bxd7 35. Rxf8+ Rxf8 36. Bxf8 h6 37. g4) 34... Bxd7 {aiming for ...Kg8.} 35. Rxf8+ Rxf8 36. Bxf8 h5 37. Kh4 Bxg4 38. Kg5 Kh7 39. h4 {Precision: White = 73%, Black = 65%.} 1/2-1/2

[Event "21st Dubai Open 2019"]
[Site "Dubai"]
[Date "2019.04.04"]
[Round "4.33"]
[White "Gandhi, Anish"]
[Black "Raja Rithvik R"]
[Result "1/2-1/2"]
[WhiteElo "2202"]
[BlackElo "2391"]
[Annotator "TA"]
[PlyCount "96"]
[EventDate "2019.04.01"]
[EventType "swiss"]
[EventCountry "UAE"]
[SourceTitle "playchess.com"]
[Source "ChessBase"]
[SourceQuality "1"]

{[%evp 15,96,41,47,25,8,6,14,0,0,3,13,-10,55,0,25,-2,0,-51,-25,-36,-9,-22,0,-2,4,0,0,-45,56,41,46,37,102,119,118,118,154,130,329,341,335,328,342,138,175,155,193,192,201,186,316,340,331,310,291,302,297,299,270,0,0,0,2,0,0,0,0,0,8,8,8,0,6,0,0,0,0,0,0,0,0,0,0]} 1. e4 c5 2. Nf3 d6 3. d4 cxd4 4. Nxd4 Nf6 5. Nc3 a6 6. Nb3 e6 {B90: Sicilian Najdorf: Unusual White 6th moves, 6 Be3 Ng4 and 6 Be3 e5} (6... g6 7. Be3 Bg7 8. Qd2 Ng4 9. Bg5 h6 10. Bh4 g5 11. Bg3 Nc6 12. Be2 Nge5 13. h4 gxh4 14. Bxh4 {0-1 (35) Alekseenko,K (2638)-Nepomniachtchi,I (2763) St Petersburg 2018}) 7. g4 Be7 8. g5 Nfd7 {LiveBook: 6 Games. White is slightly better.} 9. Rg1 b5 10. a3 $146 ({Predecessor:} 10. Bd3 Bb7 11. a4 b4 12. Ne2 Ne5 13. Ned4 d5 14. exd5 Nxd3+ 15. Qxd3 Qxd5 {½-½ (54) Dimitrova,A (2242)-Mihalik,A (2206) Budapest 2019}) 10... Bb7 11. h4 Nc6 12. Be3 Nc5 13. h5 g6 (13... Qc7 $11) 14. Be2 (14. f4 $14) 14... Qc7 15. Bg4 Ne5 16. Qd4 (16. Nd2 $11) 16... Rg8 17. Be2 O-O-O 18. O-O-O Nxb3+ 19. cxb3 d5 $1 {Hoping for ...Nc6.} 20. exd5 Rxd5 21. Qf4 Bd6 (21... Rxd1+ $15 22. Rxd1 gxh5) 22. Qh4 $14 ({But not} 22. Kb1 Rxd1+ 23. Rxd1 Nc4 $11) 22... Rxd1+ 23. Rxd1 Rd8 ({Black should try} 23... Bxa3 $14 24. Kb1 Be7) 24. Kb1 $16 Kb8 25. Rc1 {Black must now prevent Nxb5.} Qd7 26. Ne4 Bxe4+ $2 (26... gxh5 $16 27. Nf6 {[%mdl 64] Double Attack} (27. Bxh5 Be7 $16) 27... Qe7) 27. Qxe4 $18 Qb7 28. Qd4 Bc7 {[#]} 29. Qb4 (29. Qc3 $1 $18 {is the precise move to win.}) 29... Bd6 {[#]} 30. Qa5 $1 {[%cal Ra5d8]} Rc8 31. Rd1 Bc7 32. Qb4 Nc6 (32... gxh5 $142 33. Bxh5 Ng6 34. Bxg6 hxg6) 33. Qc5 Rd8 34. Rc1 Ne5 35. Ka2 Bd6 {[%cal Bc7d6,Bd6e5,Be5d4][%mdl 32]} 36. Qd4 Nc6 37. Qg7 $2 (37. Qc3 $18 Ne7 38. Qf6) 37... Be5 $1 $11 {[%cal Re5g7] The position is equal.} 38. Qh6 Nd4 39. Bxd4 Bxd4 40. hxg6 hxg6 41. Qh4 {Qf4+ is the strong threat.} e5 42. Qg4 Qd7 $1 {[%cal Rd7g4]} 43. Qf3 Qd5 $132 {[%mdl 2048] Black has counterplay} 44. Qf6 Rd6 45. Qh8+ Rd8 46. Qf6 Rd6 47. Qh8+ Rd8 48. Qf6 Rd6 {Accuracy: White = 57%, Black = 48%.} 1/2-1/2

[Event "21st Dubai Open 2019"]
[Site "Dubai"]
[Date "2019.04.04"]
[Round "4.34"]
[White "Tissir, Mohamed"]
[Black "Mohammed, Dilshad"]
[Result "1-0"]
[WhiteElo "2386"]
[BlackElo "2006"]
[Annotator "TA"]
[PlyCount "65"]
[EventDate "2019.04.01"]
[EventType "swiss"]
[EventCountry "UAE"]
[SourceTitle "playchess.com"]
[Source "ChessBase"]
[SourceQuality "1"]

{[%evp 16,65,33,33,43,23,12,5,26,22,44,41,59,0,25,59,184,-25,32,35,512,523,527,537,1014,991,946,516,532,537,495,506,676,684,850,779,739,668,660,659,612,641,636,631,6028,6252,5451,5427,29963,5942,5834,5643]} 1. Nf3 Nf6 2. g3 d5 3. Bg2 e6 4. O-O Be7 5. d3 b5 6. Nbd2 Bb7 7. e4 dxe4 {A05: Réti Opening: 1 Nf3 Nf6} (7... c5 8. exd5 Nxd5 9. Ne5 Qc7 10. Nxf7 O-O 11. c4 Rxf7 12. cxd5 exd5 13. Nf3 Nc6 14. Bg5 Raf8 15. Bxe7 Qxe7 16. Rc1 {½-½ (16) Nisipeanu,L (2671)-Moroni,L (2530) Zuerich 2017}) 8. dxe4 O-O 9. Qe2 {LiveBook: 3 Games} c5 {White is slightly better.} 10. e5 Nd5 11. Re1 $146 ({Predecessor:} 11. Rd1 Qb6 12. Ne4 Nd7 13. h4 Qc7 14. Neg5 {½-½ (29) Lewtak,D (2341)-Kowalczyk,R (2240) Warsaw 2017}) 11... c4 12. Ne4 h6 13. Nd4 Qb6 14. c3 (14. Qg4 $14 Kh8 15. Nd6) 14... Nd7 15. Qh5 Rfc8 {[#]} (15... Rfe8 $14) 16. Bh3 $2 (16. Bxh6 $1 $18 {[%mdl 512] Hoping for Ng5.} gxh6 17. Qxh6) 16... Nc5 (16... Rc7 $11) 17. Bxh6 $14 gxh6 $2 {[%mdl 8192]} (17... g6 $1 $14 18. Qg4 Nd3) 18. Qxh6 $18 Qd8 {Black wants to play ...Qf8.} 19. Nxc5 Rxc5 {[#]} 20. Nxe6 $1 {[%csl Ge6][%cal Rh6g7][%mdl 512]} Bf8 (20... fxe6 21. Bxe6#) 21. Nxd8 {And now Qg5+ would win.} Bxh6 22. Nxb7 Rc7 23. Nd6 b4 24. Bg2 Rc5 25. Rad1 bxc3 26. bxc3 Nxc3 27. Bxa8 Nxd1 28. Rxd1 c3 {Now ...c2 and Black clings on.} 29. f4 {[%cal Bf2f4,Bf4e5][%mdl 32]} Rxe5 30. fxe5 c2 31. Rf1 c1=R 32. Rxc1 Bxc1 33. Bd5 {Precision: White = 65%, Black = 18%.} 1-0

[Event "21st Dubai Open 2019"]
[Site "Dubai"]
[Date "2019.04.04"]
[Round "4.35"]
[White "Hedman, Erik"]
[Black "Ahmad, Al Romaithi"]
[Result "1-0"]
[WhiteElo "2385"]
[BlackElo "1763"]
[Annotator "TA"]
[PlyCount "59"]
[EventDate "2019.04.01"]
[EventType "swiss"]
[EventCountry "UAE"]
[SourceTitle "playchess.com"]
[Source "ChessBase"]
[SourceQuality "1"]

{[%evp 23,59,25,18,22,25,19,14,6,14,2,7,-29,-22,-108,4,11,10,3,9,20,13,0,81,79,252,245,293,299,487,481,496,497,660,654,617,603,598,579]} 1. d4 Nf6 2. c4 g6 3. Nc3 Bg7 4. e4 d6 5. Nf3 O-O 6. Be2 e5 7. O-O Nc6 8. d5 Ne7 9. b4 a5 10. Ba3 axb4 11. Bxb4 b6 12. a4 Nh5 13. a5 {E97: King's Indian: Classical Main Line (6...e5 7 0-0 Nc6): 8 Be3 and 8 d5 Ne7, not 9 Ne1} (13. Re1 Nf4 14. Bf1 f5 15. Nb5 Bd7 16. Nd2 Bxb5 17. axb5 Rxa1 18. Qxa1 Nh5 19. g3 Nf6 20. Bh3 h5 {½-½ (35) Cori Tello,J (2549)-Radjabov,T (2733) Tromsoe 2013}) 13... bxa5 $1 14. Rxa5 Rb8 15. Rb5 {The position is equal.} Bd7 16. Rxb8 Qxb8 17. Qb1 $146 ({Predecessor:} 17. Nb5 Nf4 18. Ba5 Bxb5 19. cxb5 f5 20. Bc4 fxe4 {0-1 (34) Sarkozy,L (2259)-Pechac,J (2449) Slovakia 2017}) 17... Nf4 18. c5 {[#]} (18. Re1 $11 {remains equal.}) 18... Bg4 ({Better is} 18... Nexd5 $1 $17 {[%mdl 512]} 19. Nxd5 (19. exd5 $2 Bf5 $19) 19... Nxe2+ 20. Kh1 Be6 21. cxd6 cxd6) 19. Bd1 $11 dxc5 20. Bxc5 {Black must now prevent Qxb8.} Qxb1 21. Nxb1 Rb8 22. Nxe5 Bxd1 (22... Bc8 $11 {keeps the balance.} 23. Bf3 Bxe5 24. Bxe7 Ba6) 23. Rxd1 $16 Nexd5 $2 {[#]} (23... Bxe5 $16 {keeps fighting.} 24. Bxe7 f5) 24. Nc6 $1 $18 {[%cal Rc6b8]} Rb2 25. exd5 Rc2 $2 (25... Bf8) 26. Be3 {White is clearly winning.} Nh5 27. Na3 Ra2 28. Nb5 Nf6 29. Nxc7 Rc2 30. f3 {Accuracy: White = 46%, Black = 38%.} 1-0